000 00485nam a2200169Ia 4500
001 16744
003 IN-NITTTR
005 20251114233158.0
008 251113s9999||||xx |||||||||||||| ||eng||
040 _beng
040 _cIN-NITTTR
041 _aeng
082 _a370.94R245
100 _aJourdan, Manfred
245 0 _aRecurrent education in Western Europe :
_b progress, projects and trends in recurrent, lifelong and continuing education. /
_cJourdan, Manfred
942 _2ddc
_cBK
999 _c19378
_d19378